000
00308nam a22001457a 4500
008
221020b ||||| |||| 00| 0 eng d
020
_a
0201422778
041
_a
eng
080
_a
004
082
_a
004 CON
100
_a
19
101
_a
SHK
245
_a
DATABASE SYSTEMS
_c
CONNOLLY TH
942
_2
udc
_c
BK
999
_c
58630
_d
58630